000 00373nam a2200133Ia 4500
008 100328s9999 xx 000 0 und d
082 _b61620
100 _aपै शिरीष.
245 _aहाती शिल्लक.
260 _bअनुभव.
630 _aहाती शिल्लक.
730 _aहाती शिल्लक.
942 _cBOOK
999 _c547691
_d547688